Guess the Job by Emoji - Statistics

General Stats
  • This quiz has been taken 108 times
  • The average score is 7 of 9
Answer Stats
Hint Answer % Correct
🎨 Artist
96%
🎤 Singer
94%
🎭 Actor
91%
🥊 Boxer
91%
🎮 Gamer
88%
🩺 Doctor
87%
Soccer Player
81%
🩰 Ballerina
74%
🎱 Future Teller
2%
No matching quizzes found
Score Distribution
Percent of People with Each Score
Percentile by Number Answered
Your Score History
You have not taken this quiz